000 00233nam a2200097Ia 4500
008 230508s1989 xx 000 0 und d
041 _aeng
100 _aMURTHY V.N.S.
245 _aSOIL MECHANICS AND FOUNDATION ENGG.
260 _c1989
999 _c713243
_d713243